عرض عادي
عرض مارك
- Thomas, David R.
مدخل إسم شخص
001 - رقم الضبط
- حقل الضبط: 19157
003 - معرف رقم الضبط
- حقل الضبط: OSt
005 - تاريخ ووقت أخر عملية
- حقل الضبط: 20121229170400.0
008 - عناصر بيانات ثابتة الطول
- حقل تحكم ثابت الطول: 121229|||a|||||| | ||| d
040 ## - مصدر الفهرسة
- هيئة الفهرسة الأصلية: OSt
- وكالة الكتابة: OSt
100 ## - مدخل -- أسم شخص
- إسم شخص: Thomas, David R.
- الشكل الكامل للاسم: (David Robert),
- تواريخ مرتبطة بالاسم: 1943-
670 ## - بيانات المصدر موجوده
- الاستشهاد بالمصدر: Work cat.: (OSt)0: Thomas, David R. (David Robert), 1943-, Designing and managing your research project :, 2010.
